[Event "New Delhi Parsvnath op 9th"]
[Site "New Delhi"]
[Date "2011.01.10"]
[Round "4"]
[White "Murali Krishnan, BT."]
[Black "Salil, Kumar D"]
[Result "1-0"]
[WhiteElo "2358"]
[BlackElo "1913"]
[PlyCount "79"]
[EventDate "2011.01.08"]
[EventType "swiss"]
[EventRounds "11"]
[EventCountry "IND"]
[SourceTitle "CBM 140 Extra"]
[Source "ChessBase"]
[SourceDate "2011.03.01"]
[SourceVersion "1"]
[SourceVersionDate "2011.03.01"]
[SourceQuality "1"]

1. d4 Nf6 2. c4 e6 3. Nf3 d5 4. Bg5 Be7 5. Nc3 0-0 6. e3 c6 7. Rc1 Ne4 8. Bxe7 Qxe7 9. Bd3 f5 10. 0-0 Nd7 11. a3 g5 12. Ne2 Kh8 13. Ne1 Ndf6 14. Bxe4 dxe4 15. f3 b6 16. fxe4 Nxe4 17. Nc3 Nd6 18. b3 Bb7 19. Nd3 Nf7 20. b4 g4 21. Qe1 Rad8 22. Qg3 Qg5 23. Ne2 h5 24. Qf4 Kh7 25. Rfd1 h4 26. Ne5 Qg7 27. Qf2 Qh6 28. Nf4 Ng5 29. Neg6 g3 30. hxg3 Ne4 31. Nxf8+ Rxf8 32. Qf3 Nxg3 33. b5 Ne4 34. bxc6 Bxc6 35. d5 Ba4 36. Nxe6 Rf6 37. Rd4 Bd7 38. Rf1 Bxe6 39. Rxe4 Bf7 40. Qf2 1-0